000 00860nam a2200289 a 4500
003 AR-BaBNM
005 20251128203447.0
008 082120s2002 ||||||||||||||000 | spa||
040 _cAR-BaBNM
245 0 0 _aLa creación de los Estados Unidos
_bla sociedad y la cultura de los Estados Unidos
250 _a1ª ed.
260 _aWashington, D.C.
_bServicio Cultural e Informativo de los Estados Unidos
_c1990
300 _a393 p.
_bmapas, láms., il.
490 0 _aForum
650 4 _aDEMOGRAFIA
650 4 _aSOCIEDAD
650 4 _aHISTORIA POLITICA
650 4 _aHISTORIA DE LA EDUCACION
650 4 _aHISTORIA ECONOMICA
650 4 _aHISTORIA SOCIAL
650 4 _aHISTORIA DE LAS COSTUMBRES
651 4 _aEstados Unidos
700 1 _aLuedtke, Luther S.
_ecompilador
800 1 _aFrank, Perry
_edirector
942 _cBK
998 _cmariana
999 _c3488
_d3488